<?xml version="1.0" encoding="UTF-8"?>
<record
    xmlns:xsi="http://www.w3.org/2001/XMLSchema-instance"
    xsi:schemaLocation="http://www.loc.gov/MARC21/slim http://www.loc.gov/standards/marcxml/schema/MARC21slim.xsd"
    xmlns="http://www.loc.gov/MARC21/slim">

  <leader>01081nam a22002897a 4500</leader>
  <controlfield tag="005">20240530110358.0</controlfield>
  <controlfield tag="008">150115s2006    ua o   a      000 0 ara d</controlfield>
  <datafield tag="017" ind1=" " ind2=" ">
    <subfield code="a">2006/19413</subfield>
    <subfield code="b">&#x645;&#x635;&#x631; . &#x62F;&#x627;&#x631; &#x627;&#x644;&#x643;&#x62A;&#x628; &#x627;&#x644;&#x645;&#x635;&#x631;&#x64A;&#x629;</subfield>
  </datafield>
  <datafield tag="020" ind1=" " ind2=" ">
    <subfield code="a">9773041921</subfield>
  </datafield>
  <datafield tag="040" ind1=" " ind2=" ">
    <subfield code="a">EG-CaGPL</subfield>
  </datafield>
  <datafield tag="041" ind1="0" ind2=" ">
    <subfield code="a">ara</subfield>
  </datafield>
  <datafield tag="082" ind1="0" ind2="4">
    <subfield code="2">21</subfield>
    <subfield code="a">502</subfield>
    <subfield code="b">&#x637;/ &#x644; &#x62F;</subfield>
  </datafield>
  <datafield tag="100" ind1="1" ind2=" ">
    <subfield code="a">&#x644;&#x648;&#x64A;&#x644;&#x64A;&#x646; &#x60C; &#x643;&#x644;&#x64A;&#x631;</subfield>
  </datafield>
  <datafield tag="245" ind1="1" ind2="0">
    <subfield code="a">&#x62F;&#x648;&#x631;&#x629; &#x62D;&#x64A;&#x627;&#x629; &#x627;&#x644;&#x62A;&#x645;&#x633;&#x627;&#x62D; /</subfield>
    <subfield code="c">&#x62A;&#x627;&#x644;&#x64A;&#x641; &#x643;&#x644;&#x64A;&#x631; &#x644;&#x648;&#x64A;&#x644;&#x64A;&#x646; &#x61B; &#x631;&#x633;&#x648;&#x645; &#x633;&#x64A;&#x645;&#x648;&#x646; &#x645;&#x64A;&#x646;&#x62F;&#x64A;&#x62B; &#x61B; &#x62A;&#x631;&#x62C;&#x645;&#x629; &#x62D;&#x633;&#x646; &#x627;&#x628;&#x648; &#x628;&#x643;&#x631;</subfield>
  </datafield>
  <datafield tag="260" ind1=" " ind2=" ">
    <subfield code="a">&#x627;&#x644;&#x642;&#x627;&#x647;&#x631;&#x629; :</subfield>
    <subfield code="b">&#x62F;&#x627;&#x631; &#x627;&#x644;&#x64A;&#x627;&#x633; &#x627;&#x644;&#x639;&#x635;&#x631;&#x64A;&#x629; &#x644;&#x644;&#x637;&#x628;&#x627;&#x639;&#x629; &#x648; &#x627;&#x644;&#x646;&#x634;&#x631; &#x60C;</subfield>
    <subfield code="c">2006</subfield>
  </datafield>
  <datafield tag="300" ind1=" " ind2=" ">
    <subfield code="a">23 &#x635; :</subfield>
    <subfield code="b">&#x635;&#x648;&#x631; &#x644;&#x648; &#x61B;</subfield>
    <subfield code="c">19 &#x633;&#x645;</subfield>
  </datafield>
  <datafield tag="650" ind1="0" ind2="4">
    <subfield code="a">&#x643;&#x62A;&#x628; &#x627;&#x644;&#x627;&#x637;&#x641;&#x627;&#x644;</subfield>
  </datafield>
  <datafield tag="650" ind1="0" ind2="4">
    <subfield code="a">&#x642;&#x635;&#x635; &#x627;&#x644;&#x627;&#x637;&#x641;&#x627;&#x644;</subfield>
  </datafield>
  <datafield tag="650" ind1="0" ind2="4">
    <subfield code="a">&#x62B;&#x642;&#x627;&#x641;&#x629; &#x627;&#x644;&#x637;&#x641;&#x644;</subfield>
  </datafield>
  <datafield tag="650" ind1="0" ind2="4">
    <subfield code="a">&#x627;&#x644;&#x62A;&#x645;&#x627;&#x633;&#x64A;&#x62D; </subfield>
    <subfield code="x">&#x62A;&#x631;&#x628;&#x64A;&#x629;</subfield>
  </datafield>
  <datafield tag="650" ind1="0" ind2="4">
    <subfield code="a">&#x627;&#x644;&#x632;&#x648;&#x627;&#x62D;&#x641;</subfield>
  </datafield>
  <datafield tag="650" ind1="0" ind2="4">
    <subfield code="a">&#x627;&#x644;&#x643;&#x62A;&#x628; &#x648; &#x627;&#x644;&#x642;&#x631;&#x627;&#x621;&#x629;</subfield>
  </datafield>
  <datafield tag="700" ind1="1" ind2=" ">
    <subfield code="a">&#x645;&#x64A;&#x646;&#x62F;&#x64A;&#x62B; &#x60C; &#x633;&#x64A;&#x645;&#x648;&#x646;</subfield>
    <subfield code="e">&#x631;&#x633;&#x627;&#x645;</subfield>
  </datafield>
  <datafield tag="700" ind1="0" ind2=" ">
    <subfield code="a">&#x62D;&#x633;&#x646; &#x627;&#x628;&#x648; &#x628;&#x643;&#x631;</subfield>
    <subfield code="e">&#x645;&#x62A;&#x631;&#x62C;&#x645;</subfield>
  </datafield>
  <datafield tag="942" ind1=" " ind2=" ">
    <subfield code="2">ddc</subfield>
    <subfield code="c">BK</subfield>
  </datafield>
  <datafield tag="999" ind1=" " ind2=" ">
    <subfield code="c">60205</subfield>
    <subfield code="d">60205</subfield>
  </datafield>
  <datafield tag="952" ind1=" " ind2=" ">
    <subfield code="0">0</subfield>
    <subfield code="1">0</subfield>
    <subfield code="4">0</subfield>
    <subfield code="7">0</subfield>
    <subfield code="a">CAI</subfield>
    <subfield code="b">CAI</subfield>
    <subfield code="d">2015-01-15</subfield>
    <subfield code="l">0</subfield>
    <subfield code="o">502 &#x637;/ &#x644; &#x62F;</subfield>
    <subfield code="p">159207</subfield>
    <subfield code="r">2015-01-15 00:00:00</subfield>
    <subfield code="w">2015-01-15</subfield>
    <subfield code="y">BK</subfield>
  </datafield>
</record>
